| 000 | 00753nam a2200205 4500 | ||
|---|---|---|---|
| 001 | 111375 | ||
| 003 | ES-MaACL | ||
| 005 | 20230906185306.0 | ||
| 007 | t| | ||
| 008 | 061121s1939 sp r ||||1| spa d | ||
| 100 | 1 |
_aNájera Angulo, Luis. _984870 |
|
| 245 | 1 | 3 |
_aLa natalidad, la mortalidad y la mortalidad infantil / _cpor el Dr. lLuis Nájera. |
| 260 |
_a[Madrid? : _bs.n., _c]1929. |
||
| 300 |
_a25 p. ; _c23 cm. |
||
| 490 | 1 |
_aPublicaciones ` Al servicio de España y del niño español` ; _v20 |
|
| 500 | _aEs separata de la Revista ` El Derecho Sanitario Español ` de Valladolid. | ||
| 830 | 0 |
_aPublicaciones ` Al servicio de España y del niño español` ; _v20 _9183437 |
|
| 852 |
_aES-MaACL _j1860-F-9 _bR.23006 |
||
| 999 |
_c111375 _d111375 |
||